[Event "Montigny le Bretonneux Autumn 18th"]
[Site "Montigny le Bretonneux"]
[Date "2019.10.25"]
[Round "7"]
[White "Rumeau, Jean Michel"]
[Black "Taramelli, Marc"]
[Result "1-0"]
[WhiteElo "1934"]
[BlackElo "1829"]
[PlyCount "161"]
[EventDate "2019.10.19"]
[EventType "tourn"]
[EventRounds "9"]
[EventCountry "FRA"]
[SourceTitle "CBM 192 Extra"]
[Source "Chessbase"]
[SourceDate "2019.11.06"]
[SourceVersion "1"]
[SourceVersionDate "2019.11.06"]
[SourceQuality "1"]

1. e4 c5 2. Nf3 d6 3. d4 cxd4 4. Nxd4 Nf6 5. Nc3 g6 6. f3 Bg7 7. Be3 0-0 8. Qd2 Nc6 9. g4 Bd7 10. h4 Rc8 11. h5 Ne5 12. Be2 Nc4 13. Bxc4 Rxc4 14. 0-0-0 Qa5 15. Kb1 Rfc8 16. Nd5 Qxd2 17. Nxf6+ Bxf6 18. Rxd2 a6 19. g5 Bg7 20. Ne2 b5 21. Bd4 Bxd4 22. Nxd4 R4c5 23. hxg6 Rxg5 24. gxf7+ Kxf7 25. Rxh7+ Kg6 26. Rh1 Rh8 27. Re1 Rh4 28. b3 Kf6 29. Rf2 e5 30. Ne2 Ke7 31. a3 Kd8 32. Kb2 a5 33. Rd1 Kc7 34. Nc3 Bc6 35. Nd5+ Bxd5 36. Rxd5 Kc6 37. Rfd2 Rg6 38. a4 bxa4 39. bxa4 Rf4 40. R2d3 Rgf6 41. Rxa5 Rxf3 42. Ra6+ Kc7 43. Raxd6 Rxd6 44. Rxf3 Rd4 45. Kb3 Rxe4 46. Rf1 Kb6 47. Rd1 Kc5 48. c3 Rf4 49. Rd8 Rf6 50. Rc8+ Kb6 51. Re8 Rf5 52. Kb4 Rf4+ 53. c4 e4 54. Re6+ Kb7 55. Kb5 Kc7 56. c5 Kd7 57. Rd6+ Kc7 58. Rd4 Rh4 59. a5 Rh8 60. Rxe4 Rb8+ 61. Kc4 Ra8 62. Rh4 Rxa5 63. Kd5 Ra1 64. Rh7+ Kd8 65. Kd6 Rd1+ 66. Kc6 Rb1 67. Rh8+ Ke7 68. Ra8 Rb2 69. Kc7 Rb1 70. Rb8 Rc1 71. c6 Rc2 72. Rb7 Ke8 73. Rb3 Re2 74. Rd3 Rc2 75. Re3+ Kf7 76. Kd7 Rd2+ 77. Kc8 Rc2 78. c7 Rb2 79. Re5 Rb1 80. Kd7 Rd1+ 81. Kc6 1-0

[Event "Montigny le Bretonneux Autumn 18th"]
[Site "Montigny le Bretonneux"]
[Date "2019.10.23"]
[Round "5"]
[White "Rumeau, Jean Michel"]
[Black "Boulemnakher, Karim"]
[Result "1/2-1/2"]
[WhiteElo "1934"]
[BlackElo "1845"]
[PlyCount "166"]
[EventDate "2019.10.19"]
[EventType "tourn"]
[EventRounds "9"]
[EventCountry "FRA"]
[SourceTitle "CBM 192 Extra"]
[Source "Chessbase"]
[SourceDate "2019.11.06"]
[SourceVersion "1"]
[SourceVersionDate "2019.11.06"]
[SourceQuality "1"]

1. e4 e5 2. Nf3 Nf6 3. Nxe5 d6 4. Nf3 Nxe4 5. Qe2 Qe7 6. d3 Nf6 7. Bg5 Qxe2+ 8. Bxe2 Be7 9. Nc3 Bf5 10. Nd4 Bg6 11. h3 Nbd7 12. f4 h6 13. Bh4 0-0-0 14. Bf2 d5 15. g4 c5 16. Nf3 d4 17. Nb5 a6 18. Na3 Nd5 19. f5 Bh7 20. 0-0-0 Rhe8 21. Bg3 N7b6 22. Nc4 Nxc4 23. dxc4 Ne3 24. Rd2 Bd6 25. Bxd6 Rxd6 26. c3 Red8 27. cxd4 cxd4 28. b3 f6 29. Bd3 Bg8 30. Re1 Bf7 31. Nxd4 Nxc4 32. Bxc4 Bxc4 33. Nf3 Bd5 34. Rc2+ Kb8 35. Nd2 b5 36. Nb1 Bb7 37. Re7 Rd1+ 38. Kb2 R8d7 39. Re8+ Ka7 40. Re3 Bc6 41. Rce2 R1d6 42. a3 a5 43. Nc3 b4 44. axb4 axb4 45. Na2 Rb7 46. Rc2 Bd5 47. Nc1 Rdd7 48. Rce2 Rdc7 49. Rd2 Rb5 50. Na2 Rcb7 51. Red3 Bf7 52. Rd6 h5 53. R2d4 hxg4 54. hxg4 Bg8 55. Rf4 Re7 56. Rd2 Re3 57. Nc1 Rd5 58. Rc2 Rb5 59. Rc7+ Rb7 60. Rxb7+ Kxb7 61. Rxb4+ Kc6 62. Kc2 Rg3 63. Nd3 Bd5 64. Kd2 Bf3 65. Nf2 Bd5 66. Nd3 Bf3 67. Rc4+ Kb6 68. Nf2 Bd5 69. Rc3 Rxc3 70. Kxc3 Bg2 71. Kd4 Bf3 72. Ke3 Bd5 73. b4 Kb5 74. Nd3 Bf7 75. Kd4 g6 76. Ke4 Be8 77. Nf4 Bc6+ 78. Nd5 Kc4 79. fxg6 Bxd5+ 80. Kf5 Kxb4 81. Kxf6 Kc5 82. g7 Kd6 83. g5 Bg8 1/2-1/2

[Event "Montigny le Bretonneux Autumn 18th"]
[Site "Montigny le Bretonneux"]
[Date "2019.10.21"]
[Round "3"]
[White "Rumeau, Jean Michel"]
[Black "Verat Fayolle, Celian"]
[Result "0-1"]
[WhiteElo "1934"]
[BlackElo "1843"]
[PlyCount "32"]
[EventDate "2019.10.19"]
[EventType "tourn"]
[EventRounds "9"]
[EventCountry "FRA"]
[SourceTitle "CBM 192 Extra"]
[Source "Chessbase"]
[SourceDate "2019.11.06"]
[SourceVersion "1"]
[SourceVersionDate "2019.11.06"]
[SourceQuality "1"]

1. e4 e5 2. Nf3 Nc6 3. Bc4 Nf6 4. 0-0 Bc5 5. d4 Bxd4 6. Nxd4 Nxd4 7. f4 d6 8. Nc3 Be6 9. Qd3 h6 10. Nd5 c6 11. Nxf6+ Qxf6 12. fxe5 Qxe5 13. Bf4 Bxc4 14. Qxc4 Qc5 15. Qxf7+ Kxf7 16. Bxd6+ Nf3+ 0-1

[Event "Paris op-A"]
[Site "Paris"]
[Date "2003.??.??"]
[Round "2"]
[White "Rumeau, Jean Michel"]
[Black "Guerra, Eric"]
[Result "1-0"]
[WhiteElo "1990"]
[BlackElo "2160"]
[PlyCount "43"]
[EventDate "2003.07.05"]
[EventType "swiss"]
[EventRounds "9"]
[EventCountry "FRA"]
[SourceTitle "EXT 2005"]
[Source "ChessBase"]
[SourceDate "2004.11.15"]
[SourceVersion "1"]
[SourceVersionDate "2004.11.15"]
[SourceQuality "1"]

1. e4 d6 2. d4 Nc6 3. c3 e5 4. Nf3 Be7 5. d5 Nb8 6. Bd3 g5 7. h3 g4 8. hxg4 Bxg4 9. Be3 Nd7 10. Nbd2 Nf8 11. Qb3 Bc8 12. g3 Ng6 13. Bb5+ Kf8 14. 0-0-0 f5 15. Rdg1 h5 16. Bd3 f4 17. gxf4 Nxf4 18. Bxf4 exf4 19. e5 c6 20. Qc4 cxd5 21. Qxf4+ Ke8 22. Rxh5 1-0